Currículo centrado en la persona: bases para su planificación y práctica: material para profesores y directivos-docentes

Պահպանված է:
Մատենագիտական մանրամասներ
Հիմնական հեղինակ: Alvarez Ramírez, Sylvia (Հեղինակ)
Ձևաչափ: Գիրք
Լեզու:իսպաներեն
Հրապարակվել է: Santiago s.n 1984
Խորագրեր:
Ցուցիչներ: Ավելացրեք ցուցիչ
Չկան պիտակներ, Եղեք առաջինը, ով նշում է այս գրառումը!

MARC

LEADER 00000nam a2200000 a 4500
001 UCW3023
003 CL-VaPUC
008 871014e19840000CL |||||||||||||||||spa|d
082 0 4 |a 375  |b ALV  |2 21 
100 0 |a Alvarez Ramírez, Sylvia  |e author  |9 307240 
245 1 0 |a Currículo centrado en la persona: bases para su planificación y práctica: material para profesores y directivos-docentes 
300 |a 106 p 
942 |c BK 
945 |d 19871014 00:00:00 
260 |a Santiago  |b s.n  |c 1984 
650 7 |a ENSEÑANZA INDIVIDUALIZADA  |2 CL-VaPUC  |9 307241 
583 |a last modification  |c 20120531 12:31:22  |k Rodrigo Vera 
999 |c 217303  |d 217301 
952 |0 0  |1 0  |4 0  |6 375_000000000000000_ALV_1984  |7 0  |8 A  |9 204537  |a BIBEDU  |b BIBEDU  |d 2019-11-15  |i 2720191  |o 375 ALV 1984  |p 2720191  |r 2019-11-15  |w 2019-11-15  |y BK  |k EDU 
952 |0 0  |1 0  |4 0  |6 375_000000000000000_ALV_1984  |7 0  |8 A  |9 204538  |a BIBEDU  |b BIBEDU  |d 2019-11-15  |i 2720205  |o 375 ALV 1984  |p 2720205  |r 2019-11-15  |w 2019-11-15  |y BK  |k EDU 
952 |0 0  |1 0  |4 0  |6 375_000000000000000_ALV_1984  |7 0  |8 A  |9 204539  |a BIBEDU  |b BIBEDU  |d 2019-11-15  |i 2720213  |o 375 ALV 1984  |p 2720213  |r 2019-11-15  |w 2019-11-15  |y BK  |k EDU 
952 |0 0  |1 0  |4 0  |6 375_000000000000000_ALV_1984  |7 0  |8 A  |9 204540  |a BIBEDU  |b BIBEDU  |d 2019-11-15  |i 3457672  |o 375 ALV 1984  |p 3457672  |r 2019-11-15  |w 2019-11-15  |y BK  |k BME